Euroopan kaukaisimmat pääkaupungit Helsingistä mitaten - Statistics

Yleistilastot
  • Tätä visaa on pelattu 89 kertaa
  • Keskiarvotulos 10 / 13
Vastaustilastot
Etäisyys Pääkaupunki % Oikein
2953 km Madrid
97%
3366 km Lissabon
96%
2204 km Rooma
96%
2469 km Ateena
94%
2801 km Valletta
84%
2125 km Tirana
77%
2204 km Vatikaani
77%
2425 km Reykjavik
73%
2030 km Dublin
67%
2175 km Monaco
67%
2528 km Andorra la Vella
66%
2036 km Skopje
63%
2010 km Podgorica
54%
Ehtoja vastaavia visoja ei löytynyt
Tulosjakauma
Jokaisen tuloksen saaneiden osuus
Persentiili vastausten määrän mukaan
Tuloshistoriasi
Et ole pelannut tätä visaa